| 000 | 00717nam a2200229 a 4500 | ||
|---|---|---|---|
| 005 | 20240605063907.0 | ||
| 008 | 030409s1999 ag r 000 0 spa d | ||
| 020 | _a9505501250 | ||
| 035 | _aUPN01000123701 | ||
| 049 | _aCG | ||
| 050 | 4 |
_aBD255 _bA5.4 1999 |
|
| 100 | 1 |
_aAnder-Egg, Ezequiel, _d1930- _928724 |
|
| 245 | 1 | 0 |
_aInterdisciplinariedad en educación / _cEzequiel Ander-Egg ; pról. Raúl D. Mota. |
| 250 | _a3a ed. | ||
| 260 |
_aBuenos Aires : _bMagisterio del Río de la Plata, _cc1999. |
||
| 300 | _a111 p. | ||
| 440 | 0 | _aRespuestas educativas | |
| 650 | 4 |
_aAproximación interdisciplinaria en educación _93030 |
|
| 650 | 4 |
_aEnseñanza _xMetodología _97684 |
|
| 905 | _aLibro | ||
| 999 |
_c95880 _d95880 |
||